Score 0/16 Timer 02:00
2 Plays Today
Clue 4-Letter Word % Correct
★ All My ___
or The extent of time prior to death
★ LIFE ★
97.8%
★ Times ___ These ★
or Facebook button that registers enjoyment
★ LIKE ★
97.5%
★ My ___
or A larger-than-life figure who saves the day
★ HERO ★
97.3%
A husband's spouseWIFE
95.5%
Former professional boxer TysonMIKE
95.1%
To employ another individualHIRE
93.6%
Mall map text, 'You are ___'HERE
93.4%
★ Head___
or A thin piece of metal for conducting electricity
★ WIRE ★
92%
Clue 4-Letter Word % Correct
★ No Way ___
or The rear side
★ BACK ★
91.9%
★ This Is a ____
or What a phone receives
★ CALL ★
91.1%
A partition separating rooms from one another WALL
87.7%
★ Cheer Up Boys (Your ___ Up Is Running) ★
or Create or fashion something
★ MAKE ★
87.1%
★ ____
or Flashing word to pedestrians
★ WALK ★
86.1%
Ancient club weapon with spikes on the heavy endMACE
81.6%
American big rig truck manufacturerMACK
80.6%
An illegal move by a pitcher on the mound BALK
80.1%

Today's Daily Dose

Missing Word
Famous Operas

Quick Pick
Madonna Albums

Get the Picture
The Bushes

Remove Ads.
Support Sporcle.
Get the best of Sporcle when you Go Orange. This ad-free experience offers more features, more stats, and more fun while also helping to support Sporcle. Thank you for becoming a member.

You're not logged in!

Compare scores with friends on all Sporcle quizzes.
OR
Log In

Sporcle TV

Today on Sporcle TV


Watch our educational content, quiz creation guides, and fun videos on Sporcle TV.

Show Comments

Extras

Top Quizzes Today


Score Distribution

Paid Content

Your Account Isn't Verified!

In order to create a playlist on Sporcle, you need to verify the email address you used during registration. Go to your Sporcle Settings to finish the process.

Report this User

Report this user for behavior that violates our Community Guidelines.

Details: